| 000 | 00502cam a2200181ua 4500 | ||
|---|---|---|---|
| 020 | _c54.00 | ||
| 041 |
_aeng _h |
||
| 082 |
_a658.5 _bBAL/IN |
||
| 100 | _aBalasundaram, K . | ||
| 245 |
_aIndustrial management for diploma and degree courses in engineering / _cK Balasundaram. _hTextual Documents |
||
| 250 |
_a2 / _b. |
||
| 260 |
_aCoimbatore : _bRamalinga sowseshwari publications , _c1995. |
||
| 300 | _a371 ; . | ||
| 365 | _a54.00 | ||
| 504 | _a | ||
| 942 | _cBK | ||
| 999 |
_c9184 _d9184 |
||